| 000 | 01057 a2200205 4500 | ||
|---|---|---|---|
| 003 | Nust | ||
| 005 | 20220812161214.0 | ||
| 010 | _a 00037522 | ||
| 020 | _a0130273635 | ||
| 040 | _cNust | ||
| 082 | 0 | 0 | _a005.133,SCK |
| 100 | 1 |
_aEckel, Bruce. _963307 |
|
| 245 | 1 | 0 |
_aThinking in Java / _cBruce Eckel. |
| 250 | _a2nd ed. | ||
| 260 |
_aUpper Saddle River, NJ : _bPrentice Hall, _c2000. |
||
| 300 |
_a1128 p. ; _c24 cm., _e+1 computer laser optical discs (4 3/4 in.) |
||
| 505 | _aIntroduction to Objects (Page-29), Everything is an Object (Page-101), Controlling Program Flow (Page-133), Initialization & Cleanup (Page-191), Hiding the Implementation (Page-243), Reusing Classes (Page-271), Polymorphism (Page-311), Interfaces & Inner Classes (Page-349), Error Handling with Exceptions (Page-531), The Java I/O System (Page-573), Run –time Type Identification (page-659), Creating Windows (Page-689), Multiple Threads (page-825), Distributed Computing (Page-903). | ||
| 650 | 0 |
_aJava (Computer program language) _98017 |
|
| 942 |
_2ddc _cBK _k005.133,ECK |
||
| 999 |
_c194774 _d194774 |
||